| 000 | 01024nam a22003137a 4500 | ||
|---|---|---|---|
| 003 | CHAP | ||
| 005 | 20220817042632.0 | ||
| 008 | 971013s1970 r 00010 d | ||
| 010 | _a50551 | ||
| 011 | _a51523 | ||
| 035 | _a55673 | ||
| 040 | _cCHAP | ||
| 082 |
_a338.9726 _bP5 1971-76 |
||
| 245 | _aPlan de desarrollo integral 1971-1976 | ||
| 260 |
_aCd. Chetumal, Q.R. : _b(s.e.), _c1970 |
||
| 300 |
_a112 p. _b: mapas ; gráfs. |
||
| 590 |
_aBATCH-UPD _b10 _c20130110 _lUCH01 _h0629 |
||
| 590 |
_aBATCH-UPD _b10 _c20130410 _lUCH01 _h0312 |
||
| 590 |
_aBATCH-UPD _b10 _c20130914 _lUCH01 _h1150 |
||
| 590 |
_aCONVERSION _b10 _c20130109 _lUCH01 _h1327 |
||
| 650 | 1 | 4 | _aDesarrollo económico. |
| 650 | 1 | 4 | _aPolítica económica. |
| 650 | 1 | 4 |
_aPolítica económica _xQuintana Roo. _990523 |
| 650 | 1 | 4 |
_aQuintana Roo _xCondiciones económicas. _993372 |
| 650 | 1 | 4 |
_aQuintana Roo _xCondiciones sociales. _993374 |
| 901 | _aBK | ||
| 942 | _cLIBRO | ||
| 949 |
_a338.9726 P5 1971-76 _bBC _cLIBRO _d33724000383790 _eLIBRO _h34985 _i55673 _si |
||
| 999 |
_c50551 _d50551 |
||